| 000 | 01325nam a2200373 i 4500 | ||
|---|---|---|---|
| 001 | 020564642 | ||
| 003 | EG-ScBUE | ||
| 005 | 20230322095903.0 | ||
| 008 | 220413s2022 sz a f b 001 0 eng d | ||
| 020 | _a9783030968625 (hbk.) | ||
| 040 |
_aStDuBDS _beng _erda _cStDuBDS _dEG-ScBUE |
||
| 082 | 0 | 4 |
_a006.8 _222 _bAUG |
| 245 | 0 | 0 |
_aAugmented reality art : _bfrom an emerging technology to a novel creative medium / _cVladimir Geroimenko, editor. |
| 250 | _aThird edition. | ||
| 264 | 1 |
_aCham, Switzerland : _bSpringer, _c2022. |
|
| 300 |
_axxii, 402 pages : _billustrations (black and white, and colour) ; _c24 cm. |
||
| 336 |
_atext _2rdacontent _btxt |
||
| 336 |
_astill image _2rdacontent _btxt |
||
| 337 |
_aunmediated _2rdamedia _bn |
||
| 338 |
_avolume _2rdacarrier _bnc |
||
| 490 | 0 | _aSpringer series on cultural computing | |
| 500 | _aPrevious edition: 2018. | ||
| 504 | _aIncludes bibliographical references and index. | ||
| 650 | 7 |
_aAugmented reality. _2BUEsh |
|
| 650 | 7 |
_aComputer graphics. _2BUEsh |
|
| 650 | 7 |
_aComputer art. _2BUEsh |
|
| 650 | 7 |
_aMultimedia systems. _2BUEsh |
|
| 650 | 7 |
_aUser interfaces (Computer systems) _2BUEsh |
|
| 653 |
_bCOMSCI _cMarch2023 |
||
| 655 | _vReading book | ||
| 700 | 1 |
_aGeroimenko, Vladimir, _eeditor. |
|
| 942 |
_2ddc _cBB |
||
| 999 |
_c30251 _d30222 |
||